Countries with the least percentage of people living in the capital - With Help - Statistics

General Stats
  • This quiz has been taken 38 times
  • The average score is 7 of 14
Answer Stats
Percentage: Country % Correct
1.52% China
97%
0.21% USA
97%
1.1% India
91%
1.33% Brazil
86%
1.53% Australia
83%
0.45% Nigeria
71%
0.48% Pakistan
60%
1.74% Myanmar
31%
0.8% Tanzania
31%
1.87% Palau
26%
1.45% Malta
23%
1.51% Switzerland
20%
0.58% Sri Lanka
17%
1.88% Gambia
3%
No matching quizzes found
Score Distribution
Percent of People with Each Score
Percentile by Number Answered
Your Score History
You have not taken this quiz